| 000 | 00708nam a2200229Ia 4500 | ||
|---|---|---|---|
| 003 | GCL | ||
| 008 | 140319s9999 xx 000 0 ara d | ||
| 040 |
_aGCL / _cGCL |
||
| 082 | 0 | 4 |
_a320.513 _bم ا |
| 100 | 1 | _aامام عبدالفتاح امام | |
| 245 | 1 | 0 |
_aاسس اللبرالية السياسية / _cامام عبدالفتاح امام |
| 700 | 1 | _aميشيل متياس | |
| 700 | 1 | _aمل، جون ستيوارت | |
| 260 |
_aالقاهرة : _bمكتبة مدبولى ، _c1996 |
||
| 300 |
_a255 ص ؛ _c24 سم |
||
| 490 | _a | ||
| 650 | 0 | 4 | _aالحرية |
| 650 | 0 | 4 | _aالمذاهب السياسية |
| 650 | 0 | 4 | _aاللبرالية |
| 650 | 0 | 4 | _aالعدالة |
| 942 |
_2ddc _cBK |
||
| 999 |
_c39962 _d39962 |
||